[Event "AUTO-ADV-4228"]
[Site "http://www.queenalice.com/game.php?id=1601099"]
[Date "2020.2.29"]
[Round "2"]
[White "noroc"]
[Black "musampa"]
[Result "1-0"]
[WhiteElo "2131"]
[BlackElo "1999"]

1. e4 e5 2. Nf3 Nc6 3. Bb5 d6 4. d4 exd4 5. Nxd4 Bd7 6. O-O Ne5 7. Bxd7+ Qxd7 8.
f4 Nc6 9. Nc3 O-O-O 10. Be3 Nxd4 11. Qxd4 b6 12. a4 Ne7 13. a5 Nc6 14. Qd5 Kb7
15. axb6 axb6 16. Ra4 Kb8 17. Rfa1 Na5 18. b4 c6 19. Qd3 Nb7 20. Qa6 b5 21. Bb6
1-0

[Event "AUTO-ADV-4276"]
[Site "http://www.queenalice.com/game.php?id=1601239"]
[Date "2020.3.1"]
[Round "2"]
[White "musampa"]
[Black "holandes"]
[Result "1-0"]
[WhiteElo "2007"]
[BlackElo "1894"]

1. f4 Nf6 2. Nc3 e6 3. Nf3 Nc6 4. e3 a6 5. d4 Bb4 6. Bd2 Bxc3 7. Bxc3 O-O 8. Bd3
h6 9. O-O b5 10. Ne5 Nxe5 11. fxe5 Nd5 12. Be4 c6 13. Qd3 g6 14. Bd2 a5 15. Rf2
Rb8 16. Raf1 Ra8 17. Bxg6 Ne7 18. Rxf7 Rxf7 19. Bxf7+ Kh8 20. Rf6 Qf8 21. Bxe6
Qg7 22. Rf7 Qg5 23. Qh7# 1-0

[Event "AUTO-ADV-4276"]
[Site "http://www.queenalice.com/game.php?id=1601240"]
[Date "2020.3.1"]
[Round "2"]
[White "holandes"]
[Black "musampa"]
[Result "0-1"]
[WhiteElo "1857"]
[BlackElo "1936"]

1. e4 e5 2. Nc3 Bb4 3. Nd5 Nc6 4. c4 Nf6 5. a3 Bc5 6. b4 Bd4 7. Ra2 Nxd5 8. cxd5
Ne7 9. Bc4 a6 10. d3 h6 11. Nf3 d6 12. O-O b5 13. Bb3 Bg4 14. h3 Bxf3 15. Qxf3
O-O 16. Qg3 g5 17. h4 f6 18. hxg5 fxg5 19. Bd1 Rf6 20. Be3 Bxe3 21. fxe3 Rxf1+
22. Kxf1 Ng6 23. Bh5 Kg7 24. Rf2 Qe7 25. Ke2 Rf8 26. Rf3 Rxf3 27. gxf3 Qf7 28.
f4 Nxf4+ 29. exf4 Qxh5+ 30. Kd2 exf4 31. Qg2 f3 32. Qf2 g4 33. Ke3 Qg5+ 34. Kd4
g3 35. Qe3 Qxe3+ 36. Kxe3 g2 37. Kf2 h5 0-1

[Event "AUTO-ADV-4276"]
[Site "http://www.queenalice.com/game.php?id=1601241"]
[Date "2020.3.1"]
[Round "2"]
[White "musampa"]
[Black "Fredo"]
[Result "1-0"]
[WhiteElo "1989"]
[BlackElo "1870"]

1. f4 Nf6 2. Nc3 d5 3. Nf3 e6 4. d4 Be7 5. e3 O-O 6. Bd3 c5 7. O-O c4 8. Be2 Bd7
9. Ne5 Nc6 10. a3 Be8 11. h3 Nd7 12. b4 a6 13. Bd2 f6 14. Ng4 Bd6 15. Qe1 b5 16.
Qg3 Kh8 17. h4 Rg8 18. Qh3 Ne7 19. h5 Nf5 20. e4 Nxd4 21. exd5 exd5 22. Bd1 Bf7
23. Be3 Nf5 24. Nxf6 Qxf6 25. Bd2 Be6 26. Bg4 Rae8 27. Nxd5 Bxd5 28. Bxf5 Nb8
29. Rad1 Re2 30. Bc3 Qe7 31. h6 Rxg2+ 32. Kh1 Rg3+ 33. Rxd5 Rxh3+ 34. Bxh3 Qh4
35. hxg7+ Rxg7 36. Rf3 Bf8 37. Rg5 Kg8 38. Bxg7 Bxg7 39. Rfg3 Qxf4 40. Rxg7+ Kf8
41. Rg8+ Ke7 42. R3g7+ Kd6 43. Rd8+ 1-0

[Event "AUTO-ADV-4276"]
[Site "http://www.queenalice.com/game.php?id=1601242"]
[Date "2020.3.1"]
[Round "2"]
[White "Fredo"]
[Black "musampa"]
[Result "1-0"]
[WhiteElo "1885"]
[BlackElo "1974"]

1. e4 e5 2. Nf3 Nc6 3. Bb5 d6 4. c3 a6 5. Ba4 b5 6. Bc2 Be6 7. d4 exd4 8. cxd4
Bg4 9. Be3 h6 10. Nbd2 Be7 11. O-O g5 12. a3 h5 13. Qb1 Bxf3 14. Nxf3 g4 15. Nd2
Bg5 16. e5 Nxd4 17. Bxd4 Bxd2 18. exd6 Rh6 19. Qd1 Rxd6 20. Qxd2 Rxd4 21. Rfe1+
Kf8 22. Qc3 Rc4 23. Qb3 Qg5 24. Qd3 Nf6 25. Rad1 h4 26. Bb1 g3 27. fxg3 hxg3 28.
h3 Kg7 29. Rf1 Re8 30. Rf5 Qh6 31. Rdf1 1-0

[Event "AUTO-ADV-4276"]
[Site "http://www.queenalice.com/game.php?id=1601243"]
[Date "2020.3.1"]
[Round "2"]
[White "musampa"]
[Black "RobertD"]
[Result "1-0"]
[WhiteElo "1954"]
[BlackElo "1926"]

1. f4 e5 2. d3 exf4 3. Bxf4 d5 4. Nf3 Nf6 5. h3 c5 6. e3 Nc6 7. Nbd2 Bd6 8. Qe2
O-O 9. O-O-O Re8 10. Bxd6 Qxd6 11. g4 Be6 12. a3 b5 13. Bg2 a5 14. e4 dxe4 15.
Nxe4 Nxe4 16. dxe4 Qc7 17. Qxb5 Nd4 18. Nxd4 cxd4 19. Rxd4 Rec8 20. c3 Rab8 21.
Qd3 Bc4 22. Qd2 Rd8 23. Rd1 Rxd4 24. Qxd4 Bb3 25. Rd2 h6 26. e5 Kf8 27. Qd6+
Qxd6 28. Rxd6 Ke7 29. Bd5 Bxd5 30. Rxd5 Ra8 31. Rb5 Ke6 32. Kd2 a4 33. Kd3 f5
34. Kd4 fxg4 35. hxg4 Ra6 36. c4 g6 37. c5 h5 38. gxh5 gxh5 39. Rb6+ 1-0

[Event "AUTO-ADV-4276"]
[Site "http://www.queenalice.com/game.php?id=1601244"]
[Date "2020.3.1"]
[Round "2"]
[White "RobertD"]
[Black "musampa"]
[Result "1-0"]
[WhiteElo "1911"]
[BlackElo "1954"]

1. f4 d5 2. Nf3 Bg4 3. h3 Bxf3 4. exf3 e6 5. g3 Bc5 6. d4 Bb4+ 7. c3 Bd6 8. Kf2
a6 9. Bd3 Nf6 10. Be3 O-O 11. Bc2 Nbd7 12. g4 h6 13. Na3 b5 14. b4 Nb6 15. Qd3
Nc4 16. Nxc4 bxc4 17. Qf1 a5 18. bxa5 Rxa5 19. a4 Qd7 20. h4 Nh7 21. g5 h5 22.
Qg2 g6 23. Rhb1 c6 24. Ra2 Rb8 25. Rxb8+ Bxb8 26. Qg1 Qb7 27. Bc1 Bd6 28. Rb2
Qa7 29. Qe1 Nf8 30. Kg3 Ba3 31. Rb1 Bxc1 32. Qxc1 Nd7 33. Qe1 Nb6 34. Bxg6 Nxa4
35. Bxh5 c5 36. Qe5 cxd4 37. Rb8+ Qxb8 38. Qxb8+ Kg7 39. Qe5+ Kg8 40. Qxd4 Nb2
41. Qf6 Ra7 42. g6 fxg6 43. Bxg6 1-0

[Event "AUTO-MASTER-2887"]
[Site "http://www.queenalice.com/game.php?id=1601702"]
[Date "2020.3.4"]
[Round "2"]
[White "tariann"]
[Black "musampa"]
[Result "1-0"]
[WhiteElo "2254"]
[BlackElo "1987"]

1. e4 e5 2. Nf3 Nc6 3. Bb5 d6 4. O-O Bd7 5. Re1 a6 6. Ba4 Be7 7. c3 Nf6 8. d4
exd4 9. cxd4 O-O 10. Nc3 b5 11. Bc2 h6 12. e5 Nh7 13. Qd3 g6 14. Bxh6 Re8 15. e6
Bxe6 16. Rxe6 1-0

[Event "AUTO-MASTER-2887"]
[Site "http://www.queenalice.com/game.php?id=1601703"]
[Date "2020.3.4"]
[Round "2"]
[White "musampa"]
[Black "tariann"]
[Result "1/2-1/2"]
[WhiteElo "2000"]
[BlackElo "2245"]

1. f4 e5 2. d3 exf4 3. Bxf4 Bc5 4. Nf3 Nf6 5. d4 Bb6 6. Nc3 O-O 7. Qd3 Re8 8.
O-O-O d6 9. e4 Nc6 10. h3 a5 11. a3 Bd7 12. g4 h6 13. Bg2 Na7 14. g5 hxg5 15.
Bxg5 Qc8 16. Bxf6 gxf6 17. Rdg1 f5 18. e5 dxe5 19. Nxe5 Kf8 20. Nxd7+ Qxd7 21.
Bxb7 Rab8 22. Ba6 Qxd4 23. Qxf5 Qe5 24. Qxe5 Rxe5 25. Re1 Rbe8 26. Rxe5 Rxe5 27.
h4 Kg7 28. Bc4 Nc6 29. h5 Be3+ 30. Kb1 Nd4 31. h6+ Bxh6 32. Bxf7 Kxf7 33. Rxh6
Re1+ 34. Ka2 Nxc2 35. Rh7+ Ke6 36. Rxc7 Nd4 37. Ra7 Re5 38. Ra6+ Kd7 39. Na4 Nc6
40. Nb6+ Kc7 41. Nc4 Rc5 42. b3 Kb7 43. Rb6+ Ka7 44. Rxc6 Rxc6 45. Nxa5 Rc2+ 46.
Kb1 Rh2 47. Nc6+ 1/2-1/2

[Event "AUTO-MASTER-2887"]
[Site "http://www.queenalice.com/game.php?id=1601706"]
[Date "2020.3.4"]
[Round "2"]
[White "Palmeiras"]
[Black "musampa"]
[Result "1-0"]
[WhiteElo "2559"]
[BlackElo "2004"]

1. e4 e5 2. Nf3 Nc6 3. Bc4 h6 4. d4 exd4 5. O-O Bc5 6. c3 dxc3 7. Bxf7+ Kxf7 8.
Qd5+ Ke8 9. Qxc5 Qf6 10. Nxc3 b6 11. Qc4 Nge7 12. Nd5 Nxd5 13. exd5 Qf7 14. Re1+
Ne7 15. Qxc7 Qxd5 16. Bd2 Bb7 17. Bb4 1-0

[Event "AUTO-MASTER-2887"]
[Site "http://www.queenalice.com/game.php?id=1601707"]
[Date "2020.3.4"]
[Round "2"]
[White "musampa"]
[Black "Palmeiras"]
[Result "0-1"]
[WhiteElo "1960"]
[BlackElo "2604"]

1. f4 d5 2. Nf3 c5 3. e3 Nf6 4. Bb5+ Nbd7 5. O-O e6 6. c3 a6 7. Bxd7+ Bxd7 8. d4
Be7 9. Ne5 O-O 10. Nd2 Bb5 11. Rf2 Rc8 12. a4 Be8 13. Qf3 Qc7 14. h4 Kh8 15. Qh3
Ng8 16. g4 f6 17. Nef3 Bd7 18. h5 Nh6 19. Nh4 Rce8 20. Nb3 c4 21. Nd2 Bd6 22.
Ndf3 e5 23. f5 e4 24. Nh2 b5 25. a5 Nf7 26. Nf1 b4 27. Rg2 bxc3 28. bxc3 Rb8 29.
g5 fxg5 30. Qh1 gxh4 0-1

[Event "AUTO-MASTER-2887"]
[Site "http://www.queenalice.com/game.php?id=1601708"]
[Date "2020.3.4"]
[Round "2"]
[White "Artking"]
[Black "musampa"]
[Result "0-1"]
[WhiteElo "2057"]
[BlackElo "1958"]

1. c4 e5 2. Nc3 c6 3. g3 Bb4 4. Bg2 Nf6 5. Qc2 O-O 6. d3 c5 7. Nf3 d6 8. O-O Be6
9. Bg5 h6 10. Bd2 Nc6 11. e3 d5 12. cxd5 Bxd5 13. Nxd5 Nxd5 14. a3 Bxd2 15. Nxd2
Nde7 16. Ne4 b6 17. Rad1 Rc8 18. Nc3 f6 19. d4 cxd4 20. Ne2 Kh8 21. exd4 Nxd4
22. Nxd4 Rxc2 23. Nxc2 Qb8 24. Rd7 Qc8 25. Rxe7 Qxc2 26. Rxa7 Qxb2 27. Be4 b5
28. Rb1 Qd4 29. Ra8 Rxa8 30. Bxa8 Qd3 31. Ra1 Qc3 32. Rd1 f5 33. Rd8+ Kh7 34.
Bd5 Qxa3 35. h4 Qe7 36. Ra8 h5 37. Kg2 Qd7 38. Bg8+ Kh6 39. Ra6+ g6 40. Rb6 Qd8
0-1

[Event "AUTO-MASTER-2887"]
[Site "http://www.queenalice.com/game.php?id=1601709"]
[Date "2020.3.4"]
[Round "2"]
[White "musampa"]
[Black "Artking"]
[Result "0-1"]
[WhiteElo "1969"]
[BlackElo "1984"]

1. f4 e5 2. d3 d6 3. Nf3 exf4 4. Bxf4 Nc6 5. Nc3 Bg4 6. e4 Nd4 7. Be2 Nxf3+ 8.
Bxf3 Be6 9. Qe2 Nf6 10. h3 h6 11. a3 g5 12. Be3 c6 13. O-O-O Bg7 14. g4 Qc7 15.
Qh2 a6 16. b4 b5 17. Bc5 O-O-O 18. Bf2 Nxg4 19. Bxg4 h5 20. Bxe6+ fxe6 21. Ne2
g4 22. Bg3 c5 23. Bh4 Rdf8 24. bxc5 Qxc5 25. d4 Qxa3+ 26. Kd2 Rf3 27. Bg3 Bxd4
28. Ke1 Bc3+ 29. Nxc3 Qxc3+ 30. Rd2 Re3+ 31. Kf1 Rxg3 32. hxg4 Rf8+ 33. Ke2 Re3+
0-1

[Event "AUTO-ADV-4255"]
[Site "http://www.queenalice.com/game.php?id=1607457"]
[Date "2020.4.14"]
[Round "2"]
[White "kakocarvalho"]
[Black "musampa"]
[Result "1-0"]
[WhiteElo "1842"]
[BlackElo "1974"]

1. Nf3 Nc6 2. g3 e5 3. d3 Bc5 4. Bg2 h6 5. O-O d6 6. Nc3 Be6 7. e4 g5 8. a3 Qf6
9. Nb5 Bb6 10. a4 a6 11. Nc3 O-O-O 12. Bd2 g4 13. Nh4 Nge7 14. Be3 Bd4 15. Bxd4
Nxd4 16. Ne2 Ng6 17. Nxd4 Nxh4 18. Nxe6 fxe6 19. Qxg4 Nxg2 20. Kxg2 Rdg8 21. Qe2
h5 22. h4 Qxh4 23. Rh1 Qg5 24. Rh3 Rh7 25. Rah1 Rgh8 26. Rh4 Kd7 27. b4 c6 28.
c4 b6 29. Qc2 Qg6 30. Rf1 d5 31. cxd5 exd5 32. Rc1 dxe4 33. dxe4 Rg8 34. Rd1+
Kc7 35. b5 a5 36. Qc3 Qf6 37. Rd2 c5 38. Qc4 Rgg7 39. Rd5 Qxh4 40. Rxe5 Qf6 41.
Re6 Qd4 42. Rc6+ Kb7 43. Qe6 Qd8 44. e5 Re7 45. Qf6 1-0

[Event "AUTO-ADV-4255"]
[Site "http://www.queenalice.com/game.php?id=1607458"]
[Date "2020.4.14"]
[Round "2"]
[White "musampa"]
[Black "kakocarvalho"]
[Result "1-0"]
[WhiteElo "1949"]
[BlackElo "1821"]

1. f4 Nf6 2. Nc3 g6 3. d4 Bg7 4. e3 O-O 5. Bd3 d6 6. Nf3 Nbd7 7. O-O c5 8. Ne2
cxd4 9. exd4 Nb6 10. c3 Qc7 11. Ng5 Bd7 12. Ng3 h6 13. N5e4 Bc6 14. Nxf6+ exf6
15. f5 Kh7 16. fxg6+ fxg6 17. Qg4 f5 18. Qh4 Bd7 19. Bf4 Nd5 20. Rae1 Rae8 21.
Bd2 Rxe1 22. Rxe1 f4 23. Nh5 Bf5 24. Bxf5 Rxf5 25. Nxf4 Nxf4 26. Bxf4 g5 27.
Bxd6 Qxd6 28. Qe4 Kg8 29. Qxf5 Qf4 30. Re8+ 1-0

[Event "AUTO-ADV-4255"]
[Site "http://www.queenalice.com/game.php?id=1607463"]
[Date "2020.4.14"]
[Round "2"]
[White "musampa"]
[Black "josebaron"]
[Result "0-1"]
[WhiteElo "1986"]
[BlackElo "2439"]

1. f4 d5 2. d4 Nf6 3. e3 e6 4. Bd3 c5 5. c3 Bd6 6. Nf3 O-O 7. O-O b6 8. Ne5 Bb7
9. Nd2 a5 10. h3 Nc6 11. g4 Ne7 12. Qf3 Ne8 13. Rf2 f6 14. Bxh7+ Kxh7 15. g5
fxe5 16. Qh5+ Kg8 17. g6 Nf6 18. Qh4 cxd4 19. fxe5 Nxg6 20. Qg5 dxe3 21. Rxf6
exd2 0-1

[Event "AUTO-ADV-4255"]
[Site "http://www.queenalice.com/game.php?id=1607464"]
[Date "2020.4.14"]
[Round "2"]
[White "josebaron"]
[Black "musampa"]
[Result "1-0"]
[WhiteElo "2411"]
[BlackElo "1988"]

1. e4 e5 2. Bc4 Nf6 3. Nc3 Bb4 4. d3 O-O 5. Nf3 d6 6. O-O h6 7. h3 a6 8. a3 Ba5
9. b4 Bb6 10. Bd2 Be6 11. Bxe6 fxe6 12. Kh2 g5 13. Kh1 Nc6 14. Nh2 Nd7 15. Ne2
Rxf2 16. Rxf2 Qe7 17. Rf1 Rf8 18. Rxf8+ 1-0

[Event "AUTO-ADV-4370"]
[Site "http://www.queenalice.com/game.php?id=1619693"]
[Date "2020.7.8"]
[Round "1"]
[White "DAlessandro"]
[Black "musampa"]
[Result "1-0"]
[WhiteElo "1942"]
[BlackElo "2010"]

1. c4 e5 2. Nc3 Bb4 3. Qc2 Bxc3 4. Qxc3 d6 5. e4 c5 6. Nf3 h6 7. d3 Nc6 8. a3
Nf6 9. Be2 Nd4 10. Nxd4 cxd4 11. Qb4 O-O 12. O-O b6 13. Rd1 Be6 14. b3 Rc8 15.
Bb2 Rc5 16. Qd2 Qd7 17. b4 Rc7 18. a4 Rfc8 19. b5 d5 20. exd5 Bxd5 21. Qe1 Bb7
22. a5 1-0

[Event "AUTO-ADV-4370"]
[Site "http://www.queenalice.com/game.php?id=1619694"]
[Date "2020.7.8"]
[Round "1"]
[White "musampa"]
[Black "DAlessandro"]
[Result "0-1"]
[WhiteElo "1991"]
[BlackElo "1961"]

1. f4 c5 2. e3 Nc6 3. Bb5 Qc7 4. Nf3 d6 5. O-O Nf6 6. Nc3 Bg4 7. h3 Bd7 8. a3 e6
9. b4 cxb4 10. Bxc6 Bxc6 11. axb4 Be7 12. b5 Bd7 13. Ba3 O-O 14. Qe2 a6 15. bxa6
bxa6 16. Ne5 Rfd8 17. Nxd7 Qxd7 18. Nd1 d5 0-1

[Event "AUTO-ADV-4370"]
[Site "http://www.queenalice.com/game.php?id=1619709"]
[Date "2020.7.8"]
[Round "1"]
[White "chessman"]
[Black "musampa"]
[Result "1/2-1/2"]
[WhiteElo "2014"]
[BlackElo "2010"]

1. e4 e5 2. Nf3 Nc6 3. Bb5 d6 4. d4 exd4 5. Nxd4 Bd7 6. O-O Nxd4 7. Bxd7+ Qxd7
8. Qxd4 Nf6 9. Re1 Be7 10. Nc3 O-O 11. Bg5 h6 12. Bxf6 Bxf6 13. Qd3 Rfe8 14.
Rad1 Bxc3 15. Qxc3 Re7 16. e5 Rae8 17. exd6 Qxd6 18. Rc1 Qd5 1/2-1/2

[Event "AUTO-ADV-4370"]
[Site "http://www.queenalice.com/game.php?id=1619710"]
[Date "2020.7.8"]
[Round "1"]
[White "musampa"]
[Black "chessman"]
[Result "0-1"]
[WhiteElo "1932"]
[BlackElo "2006"]

1. f4 e5 2. d3 d6 3. e4 Nf6 4. f5 d5 5. Bg5 dxe4 6. Bxf6 gxf6 7. dxe4 Qxd1+ 8.
Kxd1 Nc6 9. Nf3 Bd7 10. a3 O-O-O 11. Nbd2 Bh6 12. Bd3 Na5 13. b4 Ba4 14. bxa5
Rxd3 15. Re1 Rhd8 16. Re2 Rc3 17. Ra2 Rc6 18. Rb2 a6 0-1

[Event "AUTO-ADV-4370"]
[Site "http://www.queenalice.com/game.php?id=1619721"]
[Date "2020.7.8"]
[Round "1"]
[White "musampa"]
[Black "forever"]
[Result "0-1"]
[WhiteElo "1953"]
[BlackElo "1836"]

1. f4 d5 2. h3 Nc6 3. Nf3 e5 4. d3 Bd6 5. fxe5 Nxe5 6. Bg5 f6 7. Bh4 Be6 8. Nc3
Ne7 9. Qd2 O-O 10. a3 Nf5 11. Bf2 c6 12. O-O-O Qa5 13. e4 Ne7 14. Nd4 Bf7 15.
Be2 b5 0-1